Toutes les Miss France depuis 2000 - Statistiques

Statistiques générales
  • Ce quiz a été pris 432 fois
  • Le résultat moyen est 8 sur 15
Statistiques - réponses
Années Miss % Correct
2002 Sylvie Tellier
74%
2001 Elodie Gossuin
70%
2013 Marine Lorphelin
63%
2010 Malika Menard
62%
2014 Flora Coquerel
58%
2008 Valérie Begue
58%
2000 Sonia Rolland
53%
2012 Delphine Wespiser
52%
2011 Laury Thilleman
49%
2006 Alexandra Rosenfeld
48%
2007 Rachel Legrain Trapani
47%
2009 Chloé Mortaud
38%
2005 Cindy Fabre
32%
2003 Corinne Coman
25%
2004 Laetitia Bléger
25%
Aucun quiz correspondant
Distribution des résultats
% des personnes avec chaque résultat
Percentile par nombre de réponses
Votre historique - résultats
Vous n’avez pas pris ce quiz